000 00846nam a22002177a 4500
999 _c5073
_d5073
003 AR-CdUCM
008 190311b ||||| |||| 00| 0 spa d
040 _aMUNICIPALIDAD PROVINCIAL DEL CUSCO
_cBIBLIOTECA MUNICIPAL DEL CUSCO
082 _a868.5 /
_bL333
100 _aLarra, Mariano José de
_915464
245 _aVuelva usted mañana y otros artículos /
260 _aBarcelona :
_bSalvat Editores :
_bAlianza Editorial,
_c1969.
300 _a189 páginas ;
_c18 cm.
500 _aDonación familia Luis Nieto
505 _aContenido: Vuelva usted mañana -- Carta a Andrés -- Empeños y desempeños -- El casarse pronto y mal -- EL castellano viejo -- Mi nombre y mis propósitos...
650 _aEnsayos de costumbres
_912066
650 _aEnsayos españoles
_9576
650 _aCarnaval
_915465
942 _2ddc
_cLIBROS
945 _adavv